000 03959nam a22003377a 4500
001 TIGAL 0002
003 gtcocun
005 20250923173852.0
006 a||||gr|||| 00| 0
007 ta
008 250923b2016 gt ||||| m||| 00| 0 eng d
040 _agtcocun
_bSPA
_cgtcocun
_eRDA
041 _aSPA TIGAL 0002
084 _0TIGAL 0002
100 _aMéndez Pensamiento, Edgar Moisés
_eAutor
245 _aEVALUACIÓN DE LA GESTIÓN INTEGRADA DE LOS RECURSOS HÍDRICOS, DEL ÁREA URBANA DEL MUNICIPIO DE SAN JUAN CHAMELCO, DEPARTAMENTO DE ALTA VERAPAZ/
_cEdgar Moisés Méndez Pensamiento.
_hImpreso
264 _aCobán, Alta Verapaz:
_bUniversidad de San Carlos de Guatemala, Centro Universitario del Norte, Carrera de Ingeniería en Gestión Ambiental Local
_c2016
300 _a91 p.:
_bIlustraciones, gráficas.
_c28 cm;
300 _cPDF
336 _2rdacontenido
_aTexto
_btxt
337 _2rdamedio
_aComputadora
_bn
338 _2rdasoporte
_aCódigo en línea
_bcr
502 _eTIGAL 0002
502 _aTesis de grado
_bCarrera de Ingeniería en Gestión Ambiental Local,
_cUniversidad de San Carlos de Guatemala, Centro Universitario del Norte, Carrera de Ingeniería en Gestión Ambiental Local
_d2016
_oTIGAL 0002
520 1 4 _aEl siguiente estudio se llevó a cabo en un periodo de seis meses dando inicio en el mes de diciembre de 2015 a mayo de 2016, se tomó como área de investigación el casco urbano del municipio de San Juan Chamelco del departamento de Alta Verapaz, localizado por sus coordenadas geográficas: latitud 15o 25' 20" y longitud 90o 19 ́ 45. Se conoció la situación actual del municipio en cuanto a la gestión integrada de los recursos hídricos a través de visitas técnicas a la municipalidad y a sus diferentes departamentos con el fin de recopilar información de aspectos sociales, culturales, económicos, ambientales, así como información valiosa a cerca del rol que desempeña la Dirección de Agua Potable y Saneamiento. La información fue recopilada a través de entrevistas y encuestas dirigidas al encargado de dicha dirección con el fin de evaluar la gestión ambiental a través del conocimiento de las competencias y funciones de la municipalidad. La evaluación se realizó por medio de la matriz de vaciado de datos propuesta por el IARNA (Instituto de Agricultura, Recursos Naturales y Ambiente), la cual manifestó que de un 100% de eficiencia en la gestión integrada de los recursos hídricos del municipio, la municipalidad solo cuenta con un 54% de eficiencia, en la que se evidencian dos áreas con una débil gestión ambiental, una de ellas el área de eficiencia financiera y el área manejo de impacto ambiental. Posteriormente se elaboró la huella ecológica enfocada al recurso hídrico, en la que fue importante la recopilación de datos referentes al manejo y utilización del mismo en cada uno de los hogares del municipio. Asimismo como parte de las acciones sugeridas en el presente estudio, se elaboró una propuesta de gestión para el manejo integral del recurso hídrico en la que se enmarcan una serie de estrategias que involucran la participación de la sociedad civil, entes gubernamentales y no gubernamentales, centros educativos y la municipalidad de San Juan Chamelco, con el fin de administrar de una mejor manera y responsable los recursos hídricos del municipio y así garantizar la calidad y disponibilidad de estos a sus habitantes.
650 1 4 _2LEMB
_aSan Juan Chamelco, Alta Verapaz
_xIngeniería en Gestión Ambiental Local
_xRecursos hídricos
_xMunicipalidad
_xEntrevistas y encuestas
_xGestión ambiental
_xImpacto ambiental
700 _aIng. Agr. Msc. Gustavo Adolfo García Macz
_eAsesor
856 _uhttps://drive.google.com/file/d/1JuVqPfni5ICIQiSnxuJN4ngqvWPPhYQl/view
_yPDF
_zUn ejemplar en línea.
942 _2ddc
_cTES
_iTIGAL 0002
_kClasificación
_n0
_6TIGAL_0002_000000000000000
999 _c2091
_d2091